| 000 | 00527nam a22001817a 4500 | ||
|---|---|---|---|
| 005 | 20251108171056.0 | ||
| 008 | 250721s9999 xx 000 0 ara d | ||
| 082 | 1 | 4 | _aط/ق/راع |
| 245 | 1 | 0 | _aراعية الأوز / |
| 264 | 1 |
_aبيروت : _bمكتبة سمير، _c[19-]. |
|
| 300 | _a16ص. | ||
| 490 | 0 | _aحكايات كل زمان | |
| 650 | 1 | 7 | _aأدب الأطفال |
| 650 | 1 | 7 | _aالقصص العربية |
| 653 | _aاطفال مرحلة متوسطة (6-9) سنوات | ||
| 942 |
_2ddc _cBK |
||
| 999 |
_c55960 _d55960 |
||